000 00658nam a2200241 i 4500
001 C2-0243102
003 PPAK
005 20180727204915.0
008 021014s2001 my a|||| ||||| | may d
020 _a9836271716
040 _aPPAK
_beng
_cPPAK
_erda
082 0 4 _a899.233
_223
090 0 0 _a899.233
_bSHU
_dK
100 0 _aShuhaibun Yussuf,
_eauthor
245 1 0 _aCabaran
264 1 _aKuala Lumpur :
_bDewan Bahasa dan Pustaka ,
_c2001
300 _a146 pages :
_billustrations ;
_c18 cm
336 _2rdacontent
_atext
337 _2rdamedia
_aunmediated
338 _2rdacarrier
_avolume
650 1 0 _aChildren's stories, Malay
942 _ddc
_cB
999 _c57747
_d57747